"Ние, народът на Казахстан..." (Запис номер 75320)
[ съкратено ]
| 000 -Лидер | |
|---|---|
| Контролно поле с фиксирана дължина | 01788nam a2200385 c 4500 |
| 003 - Код на организацията, давaща контролен номер | |
| Контролно поле | BLK |
| 005 - Дата и час на последна редакция | |
| Контролно поле | 20180420224135.0 |
| 008 - Елементи от данни с фиксирана дължина | |
| fixed length control field | 180408b bul|||||r ||||||| ||bul|| |
| 010 ## - Наследен системен номер | |
| LC control number | KNG00079733000 |
| 020 ## - Международен стандартен номер на книга ISBN | |
| Международен стандартен номер на книга ISBN | 978-954-321-297-2 |
| -- | издат.: Изток-Запад |
| 040 ## - Източник на каталожния запис | |
| Идентификатор на билиотеката - собственик на записа | BLK |
| 041 ## - Код за език | |
| Код за езика на текст/звукозапис или на отделно заглавие | Български |
| Код за езика КДБФ | Български |
| 080 ## - УДК | |
| Текстов определител УДК | Вътрешна политика. Вж и 329 |
| УДК код - определител по УДК | 323 |
| УДК определител | (574)(02.062) |
| УДК - код + определител | 323(574)(02.062) |
| 080 ## - УДК | |
| Текстов определител УДК | Общество (в цялост). Обществото като система. - Обществено развитие в цялост. Социология на отделните обществени системи |
| УДК код - определител по УДК | 316.32 |
| УДК определител | (574)(02.062) |
| УДК - код + определител | 316.32(574)(02.062) |
| 100 1# - Редна дума - Автор | |
| Автор | Дъмов, Олег Григориевич |
| Авторска отговорност | първи автор |
| R(LIN) | 65959 |
| 139 ## - Редно поле | |
| Редна дума | Дъмов, Олег Григориевич |
| Авторски знак | Дъ - Д 95 |
| 245 10 - Сведения за заглавието | |
| Заглавие | "Ние, народът на Казахстан..." |
| Редно поле (дума) | Олег Григориевич Дъмов; прев. от рус. Яна Загорчинова. |
| 257 ## - Страна на издаване | |
| Страна на създаване/издаване | Казахстан |
| 260 ## - Област на издателските данни | |
| -- | София |
| Име на издателя, разпространителя и проч. | Изток-Запад |
| Година на издаване | 2006 |
| 300 ## - Физическа характеристика | |
| Страници | 212 с. |
| Размери/Мащаб | 22 см |
| 380 ## - Жанр | |
| Жанр | Обществени науки |
| 500 ## - Общи забележки | |
| Забележка | Прев. по "Мы, народ Казахстана..." / Олег Г. Дымов ; Ориг. загл. на каз. ез. |
| 650 #4 - Допълнително описание по предмет – тема | |
| Основно описание – тема или топоним | Казахстан |
| 9 (RLIN) | 178982 |
| 651 #4 - Допълнително описание по предмет - топоним | |
| Географско понятие | Казахстан |
| 9 (RLIN) | 178982 |
| 653 ## - Ключова дума – ненормативна | |
| Ключова дума | Казахстан |
| 653 ## - Ключова дума – ненормативна | |
| Ключова дума | вътрешна политика |
| 653 ## - Ключова дума – ненормативна | |
| Ключова дума | обществено устройство |
| 653 ## - Ключова дума – ненормативна | |
| Ключова дума | обществени отношения |
| 700 1# - Други автори (авторска отговорност) | |
| Лично име | Загорчинова, Яна |
| Автороска отговорност (Описва отношението между автора и произведението) | прев. от рус. |
| 9 (RLIN) | 68802 |
| 852 ## - Местоположение | |
| Форматна сигнатура | Цб 237236 |
| 856 4# - Електронен адрес и достъп | |
| Електронен формат | pdf - файл |
| Път до файла /url/ | |
| 856 4# - Електронен адрес и достъп | |
| Електронен формат | pdf - файл |
| Път до файла /url/ | |
| 942 ## - АРТИКУЛИ | |
| Вид на библиотечния материал | Книги |
| Скрит в OPAC | Не |
| 944 ## - СЪЗДАВАНЕ И РЕДАКЦИЯ на ЗАПИСА | |
| Създаване/Редакция | Създаване |
| Дата на регистрацията/редакция | 27.11.2007 |
| Статус, дата на статуса | ф / |
| Служител, извършил регистрацията/редакцията | Людмила_Стоянова |
| 944 ## - СЪЗДАВАНЕ И РЕДАКЦИЯ на ЗАПИСА | |
| Създаване/Редакция | Редакция |
| Дата на регистрацията/редакция | 20.08.2014 |
| Статус, дата на статуса | ф / |
| Служител, извършил регистрацията/редакцията | |
| 999 ## - СИСТЕМНИ КОНТРОЛНИ НОМЕРА | |
| Koha biblionumber | 75320 |
| Koha biblioitemnumber | 75320 |
| Код за отписване | Код за изгубен артикул | Код за повреда | Коз за рестрикции | Код за отдаване | Артикулен № | Име на библиотеката - собственик | Име на библиотеката, в която се намира в момента | Статус (Текущо местоположение) | Дата на вписване в системата | Местоположение - отдел | Цена в лева | Инвентарен номер | Систематично азбучна сигнатура | Баркод | Номер на екземпляра | Цена в евро | Служебна бележка | Служебен тип на артикула |
|---|---|---|---|---|---|---|---|---|---|---|---|---|---|---|---|---|---|---|
| Не е изгубен | Не е повреден | без рестрикции | ползва се в читалня | 122280 | Регионална библиотека "Любен Каравелов" Русе | Регионална библиотека "Любен Каравелов" Русе | Хранилище | 2007-11-27 | Хранилище | 8.00 | 120000720418 | Цб 237236 | 120000720418 | 1 | 4.09 | Дост: Dp Вид: Д N: 35 Дата: 09.08.2007 | Книги | |
| Не е изгубен | Не е повреден | без рестрикции | заемане за дома | 122281 | Регионална библиотека "Любен Каравелов" Русе | Регионална библиотека "Любен Каравелов" Русе | Заемна - подръчен фонд | 2014-07-29 | Заемна - подръчен фонд | 8.00 | 120000779752 | П 323(5)/Д 95 | 120000779752 | 2 | 4.09 | Дост: DA Вид: А N: 15 Дата: 29.07.2014 Дата инв: 02.02.2018 Бележки инв: П2018 | Книги |